000 00651nam a22001937a 4500
003 OSt
005 20260122192328.0
008 230321b ||||| |||| 00| 0 eng d
040 _cOst
041 _ashan
082 _a959.116
245 _aပိုၼ်းတႆးၸဵတ်းမိူင်။
_cၵေႃလိၵ်ႈလၢႆးၾိင်ႈငႄႈတႆးဝဵင်းတွင်ႇၵျီး
260 _c2016
300 _a172 ၼႃႈ
_bႁၢင်ႈ (သီ)
_c21 ၸိၼ်ႇထီႇ
500 _aS-SAT: Dr. Prof Sai Aung Tun
650 _aပိုၼ်းတႆး
_920580
942 _cBK1
942 _2ddc
999 _c23439
_d23439